Loading...
Vanila krushi
| Main Author: | |
|---|---|
| Format: | Printed Book |
| Language: | Undetermined |
| Published: |
Kottayam
D C Books
2004
|
| Edition: | 5 |
| LEADER | 00491nam a2200169Ia 4500 | ||
|---|---|---|---|
| 008 | 140316s9999 xx 000 0 und d | ||
| 020 | |a 8126405910 | ||
| 082 | |a 584.4 |b KOS/VA | ||
| 100 | |a Johan,Koshy | ||
| 245 | |a Vanila krushi | ||
| 250 | |a 5 | ||
| 260 | |a Kottayam |b D C Books |c 2004 | ||
| 300 | |a 48 | ||
| 650 | |||
| 942 | |2 ddc |c BK | ||
| 999 | |c 8377 |d 8377 | ||
| 952 | |0 0 |1 0 |2 ddc |4 0 |6 584_400000000000000_KOSVA |7 0 |9 9554 |a KAUCLV |b KAUCLV |c GENERAL |d 2014-03-18 |o 584.4 KOS/VA |p 216583 |r 2014-03-18 |w 2014-03-18 |y BK | ||